| 000 | 00952cab a2200325 4500 | ||
|---|---|---|---|
| 001 | ABS58054 | ||
| 008 | 090401t1997 xxu||||| |||| 00| 0 eng d | ||
| 035 | _a(Sirsi) u82847 | ||
| 041 | _aeng | ||
| 100 | _aKnight, M. | ||
| 245 | _aWill right to roam mean right to sue? | ||
| 260 | _c1997 | ||
| 350 | _a0 | ||
| 490 |
_aFarmers' Weekly _v127(25) 19 December 1997, 60-62(3) |
||
| 520 | _aExplains the law relating to injury to walkers by farm livestock and the unlawful obstruction of footpaths. | ||
| 650 | _aANIMALS ACT 1971 | ||
| 650 | _aFARM ANIMALS | ||
| 650 | _aFOOTPATHS | ||
| 650 | _aLANDOWNERS | ||
| 650 | _aLIABILITY | ||
| 650 | _aPROPERTY-RURAL AND NATURAL ASSETS-AGRICULTURAL PROPERTY-LIVESTOCK | ||
| 650 | _aOBSTRUCTION | ||
| 650 | _aRIGHT TO ROAM | ||
| 650 | _aRIGHTS OF WAY | ||
| 650 | _aTRESPASS | ||
| 690 | _aHIGHWAYS RIGHTS OF WAY AND EASEMENTS | ||
| 700 | _aJones, N. | ||
| 942 | _n0 | ||
| 948 | _c22/12/1997 | ||
| 999 |
_c52319 _d52319 |
||